| 000 | 01097nam a22002897a 4500 | ||
|---|---|---|---|
| 001 | BR8806452 | ||
| 003 | BR-BrBNA | ||
| 005 | 20230928093037.0 | ||
| 007 | ta | ||
| 008 | 230509b bl.||||| |||| 00| 0 por d | ||
| 040 |
_aBR-BrBNA _bpor _cBiblioteca Nacional de Agricultura |
||
| 041 | _a(Por) | ||
| 072 |
_aH20; P34 _b1850 _b4120 |
||
| 090 | _ 1850 BR8806452 | ||
| 100 | 1 | _aCassiolato, A.M.R. | |
| 110 | 1 |
_aEscola Superior de Agricultura Luiz de Queiroz, Piracicaba, SP (Brasil) _0Tese (Mestre em Agronomia) |
|
| 245 | 1 | _aReacao de resistencia do tomate (Lycopersicum spp)a Rhizoctonia solani Kuhn e interacao com fungos micorrizicos vesiculo-arbusculares | |
| 246 | 1 | _aResistence reaction, of the tomato (Lycopersicum spp.)to Rhizoctonia solani Kuhn and interaction with vesicular-arbuscular mycorrhizae | |
| 260 | 3 |
_aPiracicaba, SP (Brasil): _c1988. |
|
| 300 | _a100 p. | ||
| 500 | _a14 tables; Bibliography p. 71-83 (92 ref.); Summaries (Eng, Por) | ||
| 650 | _aTOMATE | ||
| 650 | _aQUEIMA DA SAIA | ||
| 650 | _aMICORRIZA | ||
| 909 |
_a202309 _bLucia _c55 _dLucia Elande |
||
| 942 | _cBK | ||
| 999 |
_c42672 _d42672 |
||